000 00264nam a22001217a 4500
020 _a81-7862-565-2
082 _a001
_bSTE/C
245 _aCELLS, GENS AND CHROMOSOMES
260 _aNEW DELHI
_bSTERLING PRESS
300 _a31
650 _aGK
_zNEW DELHI
942 _cBK
999 _c6249
_d6249